|
|
|
|
| LEADER |
00000aam a2200000 i 4500 |
| 001 |
000074426 |
| 005 |
20060719043851.0 |
| 007 |
ta |
| 008 |
031120s1993 mx a g 000 m spa d |
| 020 |
|
|
|a 968452062X
|
| 020 |
|
|
|a 9789684520622
|
| 040 |
|
|
|a WaWW
|b spa
|e rda
|c WaWW
|d HTM
|d MX-MxUAM
|
| 041 |
0 |
|
|a spa
|
| 050 |
|
4 |
|a AC75
|b S3 n.332
|
| 090 |
|
|
|a AC75
|b S3 n.332
|
| 100 |
1 |
|
|a Quevedo, Francisco de,
|d 1580-1645,
|e autor
|
| 240 |
1 |
0 |
|a Obras
|
| 245 |
1 |
0 |
|a Sueños ;
|b la hora de todos ; discurso de todos los diablos /
|c Francisco de Quevedo y Villegas ; introducción de Arturo Souto Alabarce.
|
| 250 |
|
|
|a 3a. ed.
|
| 264 |
|
1 |
|a México, D. F. :
|b Porrúa,
|c 1993.
|
| 300 |
|
|
|a xxxvii, 243 páginas ; :
|b ilustraciones ;
|c 22 cm.
|
| 336 |
|
|
|a texto
|b txt
|2 rdacontent
|
| 337 |
|
|
|a sin medio
|b n
|2 rdamedia
|
| 338 |
|
|
|a volumen
|b nc
|2 rdacarrier
|
| 490 |
1 |
|
|a "Sepan cuantos ... "
|v 332
|
| 504 |
|
|
|a Incluye referencias bibliográficas : (páginas xxix-xxxi) e índice.
|
| 505 |
0 |
0 |
|t Sueños. --
|t El sueño de las calaveras. --
|t El alguacil alguacilado. --
|t zahúrdas de Plutón. --
|t Visita de los chistes. --
|t Mundo por de dentro. --
|t Hora de todos y la fortuna con seso. --
|t Poesías.
|t Poemas metafísicos.
|t Poemas morales.
|t Poemas religiosos.
|t Poemas amorosos.
|t Poemas satíricos y burlescos.
|
| 650 |
|
0 |
|a Spanish, Literature
|y 17th century
|
| 650 |
|
4 |
|a Literatura española
|y Siglo XVII
|
| 650 |
|
0 |
|a Spanish fiction
|y 17th century
|
| 650 |
|
4 |
|a Novela española
|y Siglo XVII
|
| 650 |
|
0 |
|a Picaresque literature, Spanish
|y 17th century
|
| 650 |
|
4 |
|a Novela picaresca española
|y Siglo XVI
|
| 650 |
|
0 |
|a Spanish poetry
|y 17th century
|
| 650 |
|
4 |
|a Poesía española
|y Siglo XVII
|
| 700 |
1 |
2 |
|i Contiene (obra) :
|a Quevedo, Francisco de,
|d 1580-1645.
|t Sueños
|
| 700 |
1 |
2 |
|i Contiene (obra) :
|a Quevedo, Francisco de,
|d 1580-1645.
|t Hora de todos
|
| 700 |
1 |
2 |
|i Contiene (obra) :
|a Quevedo, Francisco de,
|d 1580-1645.
|t Discurso de todos los diablos
|
| 740 |
0 |
2 |
|a Sueños
|
| 740 |
0 |
2 |
|a Hora de todos
|
| 740 |
0 |
2 |
|a Discurso de todos los diablos
|
| 700 |
1 |
|
|a Souto Alabarce, Arturo,
|d 1930-2013,
|e autor de introducción
|
| 830 |
|
0 |
|a "Sepan Cuantos ... " ;
|v 332
|
| 905 |
|
|
|a LIBROS
|
| 902 |
|
|
|a Guadalupe Guevara y Navarro
|
| 938 |
|
|
|a Comunidad
|c CSH
|
| 949 |
|
|
|a Biblioteca UAM Iztapalapa
|b Colección General
|c AC75 S3 n.332
|